000 01049ngm a22002770a 4500
001 PT39913
003 AR-LpoUNG
005 20210201235849.0
007 vd cvaizq
008 191001s1985||||ag |||||||||||||||||spa d
037 _c$11.25
040 _aAR-LpoUNG
_bspa
_cAR-LpoUNG
_eaacr
041 _aspa
044 _aag
082 0 _a982.064 261con
100 1 _aBarney Finn, Oscar
_edir.
245 1 0 _aContar hasta diez
260 _aBuenos Aires :
_bBlackman,
_c1985.
300 _aDVD : son., col.
505 0 _aHecha en 1985. - Elenco: Oscar Martinez, Hector Alterio, Arturo Maly. - Titulo alternativo: Buen viaje, Ramón
520 _aRamón llega a Buenos Aires para buscar a su hermano desaparecido, abandonando a su padre y esperando noticias de ambos. Su propia identidad es la que está en juego. La historia se desarrolla en la época del proceso militar, a partir del un drama individual se vislumbra la tragedia colectiva de un país.
653 _aCINE ARGENTINO
653 _aVIDEOS
905 _a39913
942 _cDVD
999 _c53637
_d53637